| 000 | 01011nam a22003377a 4500 | ||
|---|---|---|---|
| 001 | 0004238 | ||
| 003 | KOHA_MİRAKIL | ||
| 005 | 20260207001404.0 | ||
| 007 | ta | ||
| 008 | 090420b2003 tu |||gr||||#||||0|tur | | ||
| 020 | _a9759267985 | ||
| 040 |
_aTR-BiSEU _btur _cTR-BiSEU _erda |
||
| 041 | 0 | _atur | |
| 044 | _ctu | ||
| 050 |
_aT45 _b.S46 2003 |
||
| 100 | 1 | _aŞengirgin, Mesut. | |
| 245 | 1 |
_aTeknolojinin bilimsel ilkeleri : _b Meslek Yüksek Okulları programları için/ _cMesut Şengirgin ; Mesut Şengirgin, Kadir Çavdar. |
|
| 264 | 1 |
_aBursa : _bParadigma Akademi _c2003 |
|
| 300 | _avi, 221 sayfa: resimli; 23 cm. | ||
| 336 |
_ametin _btxt _2rdacontent |
||
| 337 |
_aaracısız _bn _2rdamedia |
||
| 338 |
_acilt _bnc _2rdacarrier |
||
| 490 | 1 |
_aParadigma Akademi ; _vyayın no. |
|
| 490 | 1 | _a9. | |
| 500 | _aKaynakça var. | ||
| 650 | 0 |
_aTeknoloji. _91844 |
|
| 650 | 0 |
_aTechnology. _92543 |
|
| 830 | 1 |
_aParadigma Akademi ; _vyayın no. _910390 |
|
| 830 | 1 |
_a9. _910391 |
|
| 942 |
_2lcc _cBK |
||
| 999 |
_c4221 _d4221 |
||